100k+ Cities in Europe by Letter on a Map - B - Statistics

General Stats
  • This quiz has been taken 506 times
    501 since last reset
  • The average score is 39 of 73
Answers on the Map
Answers color-coded by a green-red scale on the quiz's map according to % correct below.
 
Answer Stats
Population City % Correct
1.62M Barcelona
98%
3.43M Berlin
97%
1.74M Budapest
97%
275k Belfast
96%
1.27M Belgrade
94%
1.02M Brussels
94%
1.88M Bucharest
94%
122k Bern
93%
984k Birmingham
93%
214k Bergen
92%
232k Bordeaux
92%
355k Bilbao
91%
277k Bari
90%
366k Bologna
89%
617k Bristol
88%
547k Bremen
85%
301k Brest
84%
145k Brest
84%
370k Brno
83%
117k Bruges
81%
164k Basel
80%
139k Brighton
78%
313k Bonn
77%
164k Bournemouth
72%
332k Bielefeld
67%
239k Blackpool
66%
299k Bradford
63%
121k Braga
63%
366k Bydgoszcz
63%
386k Bochum
60%
185k Brescia
60%
221k Banja Luka
59%
114k Bergamo
59%
196k Burgas
58%
292k Bialystok
52%
117k Bremerhaven
52%
147k Blackburn
51%
168k Breda
51%
141k Bolton
50%
245k Braunschweig
50%
276k Brasov
48%
220k Badalona
44%
148k Badajoz
42%
345k Belgorod
41%
128k Besancon
41%
427k Bryansk
41%
179k Burgos
40%
424k Bratislava
38%
149k Burnley
31%
107k Bedford
29%
177k Bielsko-Biala
29%
325k Birkenhead
29%
120k Bottrop
28%
109k Boulogne-Billancourt
28%
125k Balti
27%
145k Basildon
25%
144k Barysaw
24%
108k Basingstoke
24%
214k Braila
24%
189k Bytom
24%
106k Bergisch Gladbach
22%
171k Bacau
21%
137k Baia Mare
20%
221k Babruysk
18%
115k Botosani
15%
169k Baranavichy
14%
131k Buzau
14%
118k Berdyansk
13%
199k Bila Tserkva
13%
122k Burton upon Trent
13%
110k Bender
12%
150k Balashikha
11%
110k Bataysk
7%
No matching quizzes found
Score Distribution
Percent of People with Each Score
Percentile by Number Answered
Your Score History
You have not taken this quiz since the last reset